| 000 | 00503nam a22001577a 4500 | ||
|---|---|---|---|
| 020 | _qHard Cover. | ||
| 082 | _a200 | ||
| 100 | _aZaman Tariq. | ||
| 245 |
_aSynthesis of Chiral Ligands and Their Applications in Combinatorial Asymmetric Catalysis / _bTariq Zaman |
||
| 260 |
_aIslamabad: _bSCME - NUST, _c2014. |
||
| 300 |
_a272 p. : ill. ; _c30cm. |
||
| 650 |
_aPh. D. Thesis _919288 |
||
| 700 |
_aDr. Habib Nasir. _916070 |
||
| 942 |
_2ddc _cTHE |
||
| 999 |
_c527837 _d527837 |
||